Pokémon Go: Highest CP by Type #3 - Statistics

General Stats
  • This quiz has been taken 110 times
    49 since last reset
  • The average score is 23 of 30
Answer Stats
Type Max CP Pokémon Region % Correct
Psychic 4724 Mewtwo Kanto
100%
Dragon 4565 Reshiram Unova
97%
Electric 4565 Zekrom Unova
97%
Dragon 4565 Zekrom Unova
97%
Dragon 4479 Garchomp Sinnoh
92%
Dragon 4565 Dialga Sinnoh
90%
Ice 4041 Kyurem Unova
90%
Dragon 4512 Palkia Sinnoh
90%
Dark 4227 Darkrai Sinnoh
85%
Dark 4335 Tyranitar Johto
85%
Fairy 4275 Xerneas Kalos
85%
Dark 4275 Yveltal Kalos
85%
Electric 3987 Zapdos Kanto
85%
Electric 4451 Xurkitree Alola
79%
Ice 3763 Mamoswine Sinnoh
77%
Electric 3902 Raikou Johto
77%
Fairy 4329 Zacian (Hero of Many Battles) Galar
77%
Psychic 4310 Latios Hoenn
74%
Ice 3615 Avalugg Kalos
72%
Psychic 4186 Lugia Johto
72%
Psychic 4490 Meloetta (Aria) Unova
72%
Ice 3530 Regice Hoenn
72%
Fairy 3767 Togekiss Sinnoh
67%
Dark 4098 Hydreigon Unova
64%
Psychic 4286 Metagross Hoenn
64%
Fairy 3950 Tapu Lele Alola
64%
Electric 4137 Thundurus (Therian) Unova
64%
Fairy 3885 Tapu Bulu Alola
59%
Dark 4334 Zarude Galar
51%
Ice 3535 Glaceon Sinnoh
46%
No matching quizzes found
Score Distribution
Percent of People with Each Score
Percentile by Number Answered
Your Score History
You have not taken this quiz since the last reset